000 01229nam a22002055i 4500
001 161330
003 ES-MaACL
005 20230906212249.0
008 990111m18799999phl |||| | spa d
040 _aCCPB | B
_bspa
_cCCPB | B
080 _a336.8(599)
100 1 _aPan, José Felipe del.
_9130811
245 1 0 _aDiccionario de la administración, del comercio y de la vida práctica en Filipinas /
_cpor José Felipe del Pan, con la colaboración de José de la Rosa.
260 _aManila :
_b[s.n.],
_c1879 (
_fImprenta de Manuel Pérez)
300 _a1 v. (pag. var.) ;
_c25 cm.
500 _aNo se publicaron mas volúmenes.
651 4 _aFilipinas-
_xAdministración-
_yS.XIX.
_98653
700 1 _aRosa, José de la.
_9132059
852 _aES-MaACL
_jG-3851
_z-- Enc. pasta
_xPublished in conjunction with the "Revista de Filipinas." The first 84 pages are variously paged 17-380, filling in the omissions in the paging of vol. 1 of the "Revista de Filipinas"; from 85-420 the paging is continuous. Incomplete: the last number is that of June 1, 1877 and ends with the word "cesta o? cesto", instead of "compentencia" which should complete the volume. Vol. 1 issued separately 1879. No more published. (del wordlcat)
999 _c161330
_d161330